000 00506nam a2200169 i 4500
001 87880
003 ES-MaACL
005 20230906175746.0
007 t|
008 041227s1909 fr ||||1| fre d
100 1 _aLacombe, Paul.
_969384
245 1 0 _aEsquisse d'un enseingnement basé sur la psychologie de l'enfant /
_cPaul Lacombe.
250 _a3ème. éd.
260 _aParís :
_bArmand Colin,
_c1909 (
_fCoulommiers, Paul Brodard)
300 _aXIII, 212 p. ;
_c19 cm.
852 _aES-MaACL
_jF-9294
999 _c87880
_d87880